<The> World Book Dictionary

Guardado en:
Detalles Bibliográficos
Otros Autores: Barnhart, Clarence L., Barnhart, Robert K.
Formato: Libro
Lenguaje:inglés
Publicado: Chicago World Book, Inc. 1992
Colección:<A> Thorndike-Barnhart Dictionary 24
Etiquetas: Agregar Etiqueta
Sin Etiquetas, Sea el primero en etiquetar este registro!

MARC

LEADER 00000nam a2200000 4500
001 c001424
005 20221123100906.4
020 |a 0-7166-0292-X 
041 0 |a eng 
044 |a US 
245 1 0 |a <The> World Book Dictionary  |c Edited by: Clarence L. Barnhart, Robert K. Barnhart 
264 1 |a Chicago  |b World Book, Inc.  |c 1992 
300 |a S. 1168-2430 
490 1 |a <A> Thorndike-Barnhart Dictionary  |v 24 
830 0 |a <A> Thorndike-Barnhart Dictionary  |v 24 
700 1 |a Barnhart, Clarence L. 
700 1 |a Barnhart, Robert K.